000
00213 a2200097 4500
001
51180
100
_a
Manzoor Ahmed
245
_a
Morality and Law
260
_a
Karachi
_b
Royal Book Co.
_c
090
_c
32408
_d
32408
942
_a
NUST-CAE
_c
M
_c
24901
999
_c
286253
_d
286253